|
|
|
|
| LEADER |
00889nam a2200241 i 4500 |
| 001 |
c000252217 |
| 003 |
CARM |
| 005 |
00000000000000.0 |
| 008 |
840413s1976 xx 0 eng d |
| 019 |
1 |
|
|a 835999
|5 LACONCORD2021
|
| 035 |
|
|
|a (OCoLC)2493180
|5 LACONCORD2021
|
| 082 |
0 |
4 |
|a 301.3630954
|
| 245 |
0 |
4 |
|a The City in Indian politics /
|c edited by Doanld B. Rosenthal.
|
| 260 |
|
|
|a Faridabad :
|b Thomson Press (India),
|c 1976.
|
| 300 |
|
|
|a 256 p.
|
| 500 |
|
|
|a Bibliography: p.237-249.
|
| 650 |
|
0 |
|a Cities and towns
|z India.
|
| 650 |
|
0 |
|a Political participation
|z India.
|
| 650 |
|
0 |
|a Political sociology.
|
| 700 |
1 |
|
|a Rosenthal, Donald B.,
|d 1937-
|
| 852 |
8 |
|
|b CARM
|h A2:AR27G0
|i C08689
|p 0325779
|f BK
|
| 999 |
f |
f |
|i 809b6cc9-ef48-54dd-b933-b7e744c45a37
|s f1b109f9-f1e6-558d-81fb-32c072ef0815
|
| 952 |
f |
f |
|p Can circulate
|a CAVAL
|b CAVAL
|c CAVAL
|d CARM 1 Store
|e C08689
|f A2:AR27G0
|h Other scheme
|i book
|m 0325779
|